Every Song by I Set My Friends on Fire - Statistics

General Stats
  • This quiz has been taken 3 times
  • The average score is 6 of 44
Answer Stats
Album Song % Correct
You Can't Spell Slaughter Without Laughter(2008) But the Nuns Are Watching
67%
You Can't Spell Slaughter Without Laughter(2008) Ravenous, Ravenous Rhinos
67%
You Can't Spell Slaughter Without Laughter(2008) Reese's Pieces, I Don't Know Who John Cleese Is?
67%
You Can't Spell Slaughter Without Laughter(2008) Things That Rhyme with Orange
67%
You Can't Spell Slaughter Without Laughter(2008) ASL
33%
Astral Rejection(2011) Astral Rejection
33%
You Can't Spell Slaughter Without Laughter(2008) Beauty Is in the Eyes of the Beerholder
33%
Astral Rejection(2011) Excite Dyke
33%
Non-Album(2022) Existence Is... You're On Your Own
33%
You Can't Spell Slaughter Without Laughter(2008) HxC 2-Step
33%
Non-Album(2016) My Uzi Holds A Hundred Round Conscience
33%
Non-Album(2008) Sex Ed Rocks
33%
You Can't Spell Slaughter Without Laughter(2008) WTFWJD
33%
Non-Album(2020) 2 Short Breaths in 2 Minute Days
0%
Non-Album(2020) Addictions
0%
You Can't Spell Slaughter Without Laughter(2008) Brief Interviews with Hideous Men
0%
Astral Rejection(2011) CACAFUEGO, Nuestra Señora de la Concepción!
0%
Astral Rejection(Bonus)(2019) Commit to the Hypothetical
0%
Astral Rejection(2011) Developer, the Horn
0%
Non-Album(2018) Don't Take Me For Pomegranate
0%
Astral Rejection(2011) Erectangles
0%
Non-Album(2009) Four Years Foreplay
0%
Astral Rejection(2011) Infinite Suck
0%
You Can't Spell Slaughter Without Laughter(2008) Interlude
0%
Astral Rejection(2011) It Comes Naturally
0%
Astral Rejection(2011) Kief Catcher
0%
Astral Rejection(2011) Life Hertz
0%
Caterpillar Sex(2017) Midwife Toad
0%
Caterpillar Sex(2017) My Little Cabbage Planetarium
0%
Astral Rejection(2011) My Paralyzed Brother Taps His Foot to This Beat
0%
Caterpillar Sex(2017) Nail Biting Therapy
0%
Astral Rejection(2011) Narcissismfof
0%
Caterpillar Sex(2017) Nobody Wants To Be Parrot Man
0%
Astral Rejection(Bonus)(2019) Phantasmagoria
0%
Caterpillar Sex(2017) Pro Seizures
0%
Astral Rejection(Bonus)(2019) Rebornphin
0%
You Can't Spell Slaughter Without Laughter(2008) Sh!t It Talks... I'm Out of Here
0%
Caterpillar Sex(2017) Teaser
0%
Caterpillar Sex(2017) The "D" In Capitation
0%
Caterpillar Sex(2017) The Vision and Scarlet Witch
0%
Astral Rejection(Bonus)(2019) The Zenith Anniversary Stab
0%
Non-Album(2019) Versace Tamagotchi
0%
Online Now(2020) Who I Am
0%
Online Now(2020) You Want Me Dead
0%
No matching quizzes found
Score Distribution
Percent of People with Each Score
Percentile by Number Answered
Your Score History
You have not taken this quiz